[Event "Canadian op"]
[Site "Edmonton"]
[Date "2009.07.16"]
[Round "6.71"]
[White "Araullo, Marlon"]
[Black "White, Chris"]
[Result "1/2-1/2"]
[WhiteElo "1596"]
[BlackElo "1766"]
[PlyCount "133"]
[EventDate "2009.07.11"]
[EventType "swiss"]
[EventRounds "9"]
[EventCountry "CAN"]
[SourceTitle "EXT 2022"]
[Source "ChessBase"]
[SourceDate "2021.10.06"]
[SourceVersion "1"]
[SourceVersionDate "2021.10.06"]
[SourceQuality "1"]

1. e4 e6 2. d4 d5 3. e5 c5 4. f4 Nc6 5. Nf3 Qb6 6. a3 Nxd4 7. Nxd4 cxd4 8. Bd3 Ne7 9. Qf3 Bd7 10. g4 Ng6 11. Nd2 Bb5 12. Nb3 Bxd3 13. Qxd3 Be7 14. 0-0 Rc8 15. Nxd4 Rc4 16. c3 Bc5 17. Rd1 Qb3 18. Kh1 Bxd4 19. cxd4 Qxd3 20. Rxd3 Kd7 21. Be3 Rhc8 22. Rad1 Rc2 23. R1d2 Nh4 24. h3 Nf3 25. Rf2 Rc1+ 26. Bxc1 Rxc1+ 27. Kg2 Ne1+ 28. Kg3 Nxd3 29. Rf3 Ne1 30. Rf1 Nd3 31. Rf3 Nxb2 32. Rb3 b6 33. Rxb2 Rc3+ 34. Kh4 Rf3 35. f5 exf5 36. gxf5 Rxf5 37. Kg4 Rf1 38. a4 Rc1 39. Rf2 Ke6 40. a5 b5 41. a6 Rc4 42. Rd2 Ra4 43. Rb2 Rxd4+ 44. Kf3 b4 45. Rg2 b3 46. Ke3 Rb4 47. Rb2 Kxe5 48. Kd3 Rh4 49. Re2+ Re4 50. Rb2 d4 51. Kc4 Re3 52. Kc5 Rc3+ 53. Kb5 Ke4 54. Kb4 Rxh3 55. Rg2 d3 56. Kxb3 d2+ 57. Kc2 Ra3 58. Rxg7 Rc3+ 59. Kxd2 Rc6 60. Rxf7 Rxa6 61. Rxh7 Kd4 62. Kc2 Kc4 63. Rh4+ Kb5 64. Kb3 Rc6 65. Rh7 a5 66. Rh5+ Kb6 67. Rh8 1/2-1/2

[Event "Canadian op"]
[Site "Edmonton"]
[Date "2009.07.15"]
[Round "5.91"]
[White "Longson, Stan"]
[Black "Araullo, Marlon"]
[Result "0-1"]
[WhiteElo "1400"]
[BlackElo "1596"]
[PlyCount "62"]
[EventDate "2009.07.11"]
[EventType "swiss"]
[EventRounds "9"]
[EventCountry "CAN"]
[SourceTitle "EXT 2022"]
[Source "ChessBase"]
[SourceDate "2021.10.06"]
[SourceVersion "1"]
[SourceVersionDate "2021.10.06"]
[SourceQuality "1"]

1. d4 e6 2. Nf3 d5 3. Nc3 Nf6 4. Bf4 Bb4 5. a3 Ba5 6. b4 Bb6 7. h3 Nc6 8. e3 Bd7 9. Bd3 a5 10. b5 Ne7 11. a4 Ng6 12. Bh2 c5 13. bxc6 Bxc6 14. Bxg6 hxg6 15. Ne5 Rc8 16. Qd3 0-0 17. 0-0 Nd7 18. Nxc6 Rxc6 19. Nb5 Nf6 20. Rfc1 Ne4 21. c4 Qh4 22. Ra2 Rfc8 23. g3 Qxh3 24. Rac2 Ng5 25. Qe2 Rxc4 26. Rxc4 Rxc4 27. Rxc4 dxc4 28. f4 Ne4 29. Qxc4 Nxg3 30. Qc8+ Kh7 31. Qxb7 Qf1# 0-1